000 01523nam a2200373 i 4500
001 768714001
003 CO-MdFUSB
005 20260318093506.0
007 ta
008 241009t2005 -us||||| |||| 001 0 spa d
020 _a0-7899-1323-2
040 _bspa.
_aCO-MdFUSB
_cCO-MdFUSB
_dCO-MdFUSBC
_erda
041 _aspa
_heng
082 _223
_a248.0092
_bG323
100 _aGemmen, Heather.
_eautor
240 _aStartling Beauty
245 1 _aBelleza asombrosa :
_bmi travesía desde la violación hacia la restauración
_c/ Heather Gemmen ; traducido por Cecilia Romanenghi de De Francesco
264 1 _aMiami, Florida :
_bUnilit,
_c[2005]
264 4 _c©2005
300 _a241 páginas
_c; 24 cm
336 _2rdacontent
_atexto
_btxt
337 _2rdamedia
_asin mediación
_bn
338 _2rdacarrier
_avolumen
_bnc
500 _aIncluye índice
505 _aInmóvil en la tormenta. -- Vacío pesado. -- Sanación dolorosa. -- El cuadro. -- Otra vez violada. -- Ilusiones perdidas. -- Ahora es que lo entiendo. -- Camino sobre el agua. -- Puerta numero cuatro. – El acuerdo. – Conexión. – Destino. – Bebé. -- Una pequeña niña holandesa. -- Movimiento de montaña.
563 _aRústica
650 0 _aBiografías cristianas
_91238
650 7 _aCristianismo
_922
653 _aSanidad interior — Cristianismo
653 _aAbuso — Testimonios
700 _aRomanenghi de De Francesco, Cecilia ‎
_910876
_etraductor
942 _cBK
945 _aCatherine Arias Alvarez
999 _c71068
_d71068